Tréning a ďalšie vzdelávanie manažmentu univerzít

Guardado en:
Detalles Bibliográficos
Autor Corporativo: Centrum ďalšieho vzdelávania Ekonomickej univerzity v Bratislave
Otros Autores: Flórián, Karol
Formato: Libro
Lenguaje:eslovaco
Publicado: Bratislava Centrum ďalšieho vzdelávania EU [1999]
Materias:
Etiquetas: Agregar Etiqueta
Sin Etiquetas, Sea el primero en etiquetar este registro!

MARC

LEADER 00000nam a2200000 4500
001 c122553
005 20221123133624.6
041 0 |a slo 
044 |a SK 
245 1 0 |a Tréning a ďalšie vzdelávanie manažmentu univerzít  |c gestor: Karol Flórián 
264 1 |a Bratislava  |b Centrum ďalšieho vzdelávania EU  |c [1999] 
300 |a 154 s. 
610 2 0 |a manažment 
610 2 0 |a manažéri 
610 2 0 |a univerzity 
610 2 0 |a vzdelávanie ďalšie 
610 2 0 |a veda 
610 2 0 |a výskum 
700 1 |a Flórián, Karol 
710 2 |a Centrum ďalšieho vzdelávania Ekonomickej univerzity v Bratislave